000 00546nam a2200169 a 4500
001 000044286
005 20201002045252.0
008 140612s2001 dr 000 0 spa d
040 _aDO-SdBNP
_bspa
_cBNPHU
082 _axxxxxx
_bxxxxxx
100 1 _aHuguet, Joaquín Ramón
_972288
245 1 3 _aEl solidarismo :
_bfuturo de la democracia /
_cJoaquín Ramón Huguet.
246 1 3 _aEl solidarismo político
_bfuturo de la democracia
260 _aSanto Domingo :
_bGráfica,
_c2001.
300 _a83 p. ;
_c21 cm.
590 _aInventariado, 2018/ YL
999 _c43775
_d43775